[Event "FIDE Grand Swiss 2019"]
[Site "Douglas"]
[Date "14.10.2019"]
[Round "5.77"]
[White "Allen, Keith"]
[Black "Wu, Li"]
[Result "1/2-1/2"]
[WhiteElo "2161"]
[BlackElo "2332"]
[WhiteFideId "2501147"]
[BlackFideId "411086"]
[EventDate "2019.10.10"]

1. d4 Nf6 2. c4 e6 3. Nc3 Bb4 4. Qc2 O-O 5. a3 Bxc3+ 6. Qxc3 Ne4 7. Qc2 f5 8.
Nf3 b6 9. g3 Bb7 10. Bg2 Nf6 11. O-O Be4 12. Qc3 a5 13. b3 Qe8 14. Ne1 Bxg2 15.
Nxg2 d6 16. Qd3 Nbd7 17. Bb2 c6 18. Rae1 a4 19. b4 d5 20. Rc1 Ne4 21. c5 b5 22.
f3 Ng5 23. Nf4 Nf7 24. Qe3 Nd8 25. h4 g6 26. Kg2 Ra7 27. Rh1 Nf6 28. Rce1 Rg7
29. Nd3 Nf7 30. Reg1 h6 31. Kf1 1/2-1/2

[Event "FIDE Grand Swiss 2019"]
[Site "Douglas"]
[Date "15.10.2019"]
[Round "6.10"]
[White "Lenderman, Aleksandr"]
[Black "Anton Guijarro, David"]
[Result "0-1"]
[WhiteTitle "GM"]
[BlackTitle "GM"]
[WhiteElo "2648"]
[BlackElo "2674"]
[WhiteFideId "2021285"]
[BlackFideId "2285525"]
[EventDate "2019.10.10"]

1. d4 d5 2. c4 dxc4 3. Nf3 Nf6 4. e3 e6 5. Bxc4 c5 6. O-O a6 7. Bb3 b5 8. Qe2
Bb7 9. Rd1 Nbd7 10. e4 cxd4 11. Nxd4 Qc7 12. Nc3 Bc5 13. Be3 O-O 14. Rac1 Qb6
15. f3 Rac8 16. Bf2 Ne5 17. Rc2 Nh5 18. g3 Nf6 19. Rcd2 h6 20. Kg2 g5 21. h3 Ng6
22. Be3 Rfe8 23. Nc2 Bxe3 24. Qxe3 Qxe3 25. Nxe3 h5 26. g4 h4 27. a3 Kf8 28. Ne2
Rc7 29. Nd4 Rec8 30. Kh2 Ke7 31. Kg2 Ne5 32. Rc2 Rxc2+ 33. Bxc2 Nfd7 34. Bd3 Ng6
35. Kf2 Nde5 36. Bf1 Nf4 37. Nb3 Rc7 38. Rd2 Bc8 39. Rd1 Bd7 40. Rd2 Be8 41. Rd1
b4 42. Ra1 bxa3 43. Rxa3 Bb5 44. Ra5 Bxf1 45. Kxf1 Rb7 46. Nd4 Rxb2 47. Nec2
Rb1+ 48. Kf2 Nxh3+ 49. Kg2 Nf4+ 50. Kh2 Kf6 51. Rxa6 Rd1 52. Ra3 Rd2+ 53. Kh1
Ned3 54. Ra1 Rg2 55. Ne3 Nf2# 0-1

[Event "FIDE Grand Swiss 2019"]
[Site "Douglas"]
[Date "15.10.2019"]
[Round "6.21"]
[White "Matlakov, Maxim"]
[Black "Papaioannou, Ioannis"]
[Result "1/2-1/2"]
[WhiteTitle "GM"]
[BlackTitle "GM"]
[WhiteElo "2716"]
[BlackElo "2645"]
[WhiteFideId "4168003"]
[BlackFideId "4201345"]
[EventDate "2019.10.10"]

1. d4 Nf6 2. c4 e6 3. Nc3 Bb4 4. f3 c5 5. d5 O-O 6. e4 d6 7. Ne2 a6 8. Ng3 exd5
9. cxd5 Nbd7 10. Be2 Re8 11. O-O Nf8 12. a3 Ba5 13. Rb1 b5 14. Be3 Bd7 15. b4
cxb4 16. axb4 Bb6 17. Qd2 Ng6 18. Rfc1 Bxe3+ 19. Qxe3 h5 20. Nh1 h4 21. f4 Bg4
22. Bf1 Rc8 23. Nf2 Bd7 24. g3 a5 25. Nxb5 Nxd5 26. Qd2 hxg3 27. hxg3 Rxc1 28.
Rxc1 Ndxf4 29. gxf4 Qh4 30. Nxd6 Qg3+ 31. Kh1 Qh4+ 32. Kg1 Qg3+ 33. Kh1 Qh4+ 34.
Nh3 Bxh3 35. Qh2 Rd8 36. Qxh3 Qxf4 37. Nxf7 Rf8 38. Rc8 Qxe4+ 39. Bg2 Qe1+ 40.
Kh2 Rxc8 41. Qxc8+ Kxf7 42. Qf5+ Ke7 43. Qg5+ Kf8 44. bxa5 Qe5+ 45. Qxe5 Nxe5
46. a6 Nd7 47. a7 Nb6 48. a8=B 1/2-1/2

[Event "FIDE Grand Swiss 2019"]
[Site "Douglas"]
[Date "15.10.2019"]
[Round "6.25"]
[White "Hovhannisyan, Robert"]
[Black "Ponomariov, Ruslan"]
[Result "1-0"]
[WhiteTitle "GM"]
[BlackTitle "GM"]
[WhiteElo "2639"]
[BlackElo "2675"]
[WhiteFideId "13302507"]
[BlackFideId "14103320"]
[EventDate "2019.10.10"]

1. e4 c6 2. d4 d5 3. e5 c5 4. dxc5 e6 5. Be3 Nd7 6. Nf3 Bxc5 7. Bxc5 Nxc5 8. Qd4
Qb6 9. Nbd2 Bd7 10. Nb3 Rc8 11. Nxc5 Qxc5 12. Qxc5 Rxc5 13. Bd3 Nh6 14. Kd2 f6
15. Rae1 Nf7 16. Rhf1 Ke7 17. c3 g5 18. Re3 h6 19. exf6+ Kxf6 20. Rfe1 Re8 21.
Ne5 Nxe5 22. Rxe5 b6 23. g3 Rg8 24. c4 dxc4 25. Rxc5 bxc5 26. Bxc4 Ke7 27. Re4
Rf8 28. Ke3 Kd6 29. f4 Rf6 30. Bd3 Bc6 31. fxg5 hxg5 32. Rg4 Rh6 33. h4 gxh4 34.
gxh4 Be8 35. Kf4 Rh8 36. Kg3 Ke5 37. Bc4 Kf6 38. Rg5 e5 39. Rg8 Rxg8+ 40. Bxg8
Bc6 41. Bh7 Bd5 42. a3 Kg7 43. Bc2 Kh6 44. Kg4 Be6+ 45. Bf5 Bb3 46. Bd7 Bc2 47.
Be8 Bd3 48. Kf3 Bc2 49. Ke3 Bb1 50. Bf7 Bc2 51. Kd2 Bb1 52. Kc3 Bf5 53. Kd2 Bb1
54. Ke2 Bc2 55. Ke3 Bb1 56. Bc4 Kh5 57. Bd3 Ba2 58. Ke4 Kxh4 59. Kxe5 Kg5 60.
Bb5 Bb3 61. Kd6 Kf4 62. Kxc5 Ke3 63. Bc4 Bd1 64. b3 Kd2 65. a4 Kc3 66. a5 Bg4
67. b4 Bf3 68. b5 Bg2 69. b6 axb6+ 70. axb6 Bb7 71. Bb5 Kb3 72. Kd6 Kb4 73. Kc7 1-0

[Event "FIDE Grand Swiss 2019"]
[Site "Douglas"]
[Date "15.10.2019"]
[Round "6.26"]
[White "Deac, Bogdan-Daniel"]
[Black "Sasikiran, Krishnan"]
[Result "1/2-1/2"]
[WhiteTitle "GM"]
[BlackTitle "GM"]
[WhiteElo "2613"]
[BlackElo "2675"]
[WhiteFideId "1226380"]
[BlackFideId "5004985"]
[EventDate "2019.10.10"]

1. e4 c5 2. Nf3 d6 3. d4 cxd4 4. Nxd4 Nf6 5. Nc3 a6 6. h3 e5 7. Nb3 Be6 8. f4 g6
9. Be2 Nbd7 10. g4 exf4 11. g5 Ng8 12. Bxf4 h6 13. Qd2 hxg5 14. Bxg5 Bh6 15. Rg1
Bxg5 16. Rxg5 Rxh3 17. O-O-O Ne5 18. Rgg1 Nf6 19. Qxd6 Qxd6 20. Rxd6 Rc8 21. Rb6
Re3 22. Re1 Nfd7 23. Rxb7 Kf8 24. Kd2 Rh3 25. Kc1 Re3 26. Kd2 Rh3 27. Kc1 Re3 1/2-1/2

[Event "FIDE Grand Swiss 2019"]
[Site "Douglas"]
[Date "15.10.2019"]
[Round "6.27"]
[White "Bacrot, Etienne"]
[Black "Jumabayev, Rinat"]
[Result "0-1"]
[WhiteTitle "GM"]
[BlackTitle "GM"]
[WhiteElo "2671"]
[BlackElo "2630"]
[WhiteFideId "605506"]
[BlackFideId "13702661"]
[EventDate "2019.10.10"]

1. e4 e6 2. d4 d5 3. exd5 exd5 4. Nf3 Nc6 5. Nc3 Bg4 6. Bb5 Bb4 7. h3 Bh5 8. g4
Bg6 9. Ne5 Ne7 10. Nxg6 hxg6 11. a3 Bxc3+ 12. bxc3 Nc8 13. Qf3 Qe7+ 14. Kd1 Nd6
15. Qxd5 Nxb5 16. Qxb5 O-O-O 17. Be3 Qe4 18. Re1 Rxh3 19. Kc1 a6 20. Qc4 Ne5 21.
Qf1 Nf3 22. Qxh3 Nxe1 23. g5+ Kb8 24. Ra2 Qc6 25. Rb2 Qxc3 26. Kb1 Qc6 27. Qh7
Nf3 28. Qxg7 Qe6 29. Rb3 b6 30. Rc3 Qf5 31. Qh7 Qb5+ 32. Ka1 Qa5 33. Kb2 Qf5 34.
a4 a5 35. Qh1 Nxg5 36. Qc6 Ne6 37. Rb3 Qd5 38. Qxd5 Rxd5 39. c4 Rf5 40. c5 Kb7
41. cxb6 c6 42. Kc3 Nf8 43. d5 Rxd5 44. Kc4 Nd7 0-1

[Event "FIDE Grand Swiss 2019"]
[Site "Douglas"]
[Date "15.10.2019"]
[Round "6.45"]
[White "Paravyan, David"]
[Black "Sevian, Samuel"]
[Result "1/2-1/2"]
[WhiteTitle "GM"]
[BlackTitle "GM"]
[WhiteElo "2602"]
[BlackElo "2654"]
[WhiteFideId "4194985"]
[BlackFideId "2040506"]
[EventDate "2019.10.10"]

1. e4 e5 2. Nf3 Nc6 3. Nc3 Nf6 4. d4 exd4 5. Nxd4 Bb4 6. Nxc6 bxc6 7. Bd3 O-O 8.
O-O d5 9. exd5 Bg4 10. f3 Bh5 11. dxc6 Qd4+ 12. Kh1 Bxc3 13. bxc3 Qxc3 14. Bf4
Qxc6 15. Qe2 Nd5 16. Bg3 Bg6 17. Bb5 Qb7 18. Bf2 c6 19. Ba6 Qb2 20. Rfe1 Qxc2
21. Qxc2 Bxc2 22. Rec1 Bf5 23. a3 Bc8 24. Rxc6 Ne7 25. Bxc8 Nxc6 26. Bb7 Ne5 27.
Bxa8 Rxa8 28. Kg1 h5 29. Kf1 a6 30. a4 Rc8 31. Bd4 Nd3 32. Rd1 Nb4 33. Bb6 Rc2
34. Rd8+ Kh7 35. Rd4 Rb2 36. Bc5 a5 37. Rd7 Kg6 38. Ra7 Rb1+ 39. Ke2 Rb2+ 40.
Kf1 Rb1+ 41. Ke2 Rb2+ 42. Kf1 1/2-1/2

[Event "FIDE Grand Swiss 2019"]
[Site "Douglas"]
[Date "15.10.2019"]
[Round "6.47"]
[White "Yilmaz, Mustafa"]
[Black "Melkumyan, Hrant"]
[Result "0-1"]
[WhiteTitle "GM"]
[BlackTitle "GM"]
[WhiteElo "2595"]
[BlackElo "2650"]
[WhiteFideId "6302718"]
[BlackFideId "13302485"]
[EventDate "2019.10.10"]

1. d4 Nf6 2. c4 e6 3. Nf3 d5 4. Nc3 Bb4 5. cxd5 exd5 6. Bg5 h6 7. Bh4 O-O 8. e3
Bf5 9. Be2 Nbd7 10. Qb3 Qe7 11. a3 Bxc3+ 12. Qxc3 Qe6 13. Bxf6 Nxf6 14. O-O c6
15. Nd2 Ne4 16. Nxe4 Bxe4 17. b4 Rfe8 18. a4 Qg6 19. f3 Bf5 20. Rfe1 h5 21. Qd2
h4 22. b5 Re6 23. Rac1 Rae8 24. Rc3 Qg5 25. Bf1 Rg6 26. bxc6 bxc6 27. Qc1 Qf6
28. Re2 Re6 29. Rf2 Qd8 30. Rc5 Ref6 31. Qe1 Qd6 32. e4 dxe4 33. fxe4 Bd7 34.
Qe3 Rxf2 35. Qxf2 h3 36. g3 Qb8 37. e5 Qb3 38. a5 Qd1 39. Rc2 Rg4 40. Rd2 Qa1
41. Qe3 Be6 42. Kf2 Bd5 43. Qe1 Qxa5 44. Bxh3 Re4 45. Qc1 Qb4 46. Bf5 Rxd4 47.
Rb2 Qf8 48. Qc3 Rc4 49. Qa5 g6 50. Bd3 Qc5+ 51. Qxc5 Rxc5 52. Ke3 Be6 53. Kf4 a5
54. Rb8+ Kg7 55. Ra8 Bb3 56. Ra7 a4 57. h4 Rc1 58. e6 Bxe6 59. Rxa4 c5 60. Ra6
Kf6 61. g4 Rd1 62. g5+ Kg7 63. Be4 Rf1+ 64. Ke3 Rg1 65. Kf3 Rh1 66. Rc6 Rh3+ 67.
Kf2 Rxh4 68. Bd3 Rd4 0-1

[Event "FIDE Grand Swiss 2019"]
[Site "Douglas"]
[Date "15.10.2019"]
[Round "6.48"]
[White "Chigaev, Maksim"]
[Black "Erdos, Viktor"]
[Result "1/2-1/2"]
[WhiteTitle "GM"]
[BlackTitle "GM"]
[WhiteElo "2644"]
[BlackElo "2604"]
[WhiteFideId "4108116"]
[BlackFideId "719978"]
[EventDate "2019.10.10"]

1. e4 e6 2. Qe2 d5 3. exd5 Qxd5 4. Nc3 Qd8 5. g3 Bd7 6. Bg2 Bc6 7. Nf3 Nf6 8.
O-O Be7 9. b3 O-O 10. Bb2 Re8 11. Rad1 b6 12. Rfe1 Bb7 13. d4 Bf8 14. Ne5 Bxg2
15. Kxg2 Bb4 16. Qf3 Bxc3 17. Qxc3 Qd5+ 18. Kg1 Nbd7 19. Qe3 Rad8 20. c4 Qa8 21.
Qf4 Nxe5 22. Rxe5 Nd7 23. Ree1 Qc8 24. Re3 f6 25. Rde1 Nf8 26. Qg4 Kf7 27. Qh5+
Ng6 28. h4 c5 29. d5 exd5 30. Rxe8 Rxe8 31. Qxd5+ Re6 32. Rd1 Ne7 33. Qh5+ Kg8
34. Bc3 h6 35. Qf3 Qc6 36. Rd8+ Kf7 37. Qh5+ Ng6 38. Qd1 Re8 39. Rd5 Re7 40. h5
Ne5 41. Bxe5 Rxe5 42. Rxe5 fxe5 43. Qd3 e4 44. Qd2 Qf6 45. Qd7+ Qe7 46. Qc6 e3
47. Qf3+ Qf6 48. Qd5+ Ke7 49. Qb7+ Kd6 50. Qb8+ Ke6 51. Qe8+ Kf5 52. Qxe3 Kg4
53. Qe2+ Qf3 54. Qe5 Kh3 55. Qe6+ Qg4 56. Qd5 Qe2 57. Qd7+ Qg4 58. Qd3 Qe6 59.
Kf1 Qf6 60. Qd1 Kh2 1/2-1/2

[Event "FIDE Grand Swiss 2019"]
[Site "Douglas"]
[Date "15.10.2019"]
[Round "6.49"]
[White "Bjerre, Jonas Buhl"]
[Black "Zvjaginsev, Vadim"]
[Result "1/2-1/2"]
[WhiteTitle "IM"]
[BlackTitle "GM"]
[WhiteElo "2506"]
[BlackElo "2644"]
[WhiteFideId "1444948"]
[BlackFideId "4113403"]
[EventDate "2019.10.10"]

1. e4 e6 2. d4 d5 3. Nd2 c5 4. exd5 exd5 5. Ngf3 Nc6 6. Bb5 Qe7+ 7. Be2 Qc7 8.
O-O Nf6 9. Re1 Be6 10. dxc5 Bxc5 11. Nb3 Bb6 12. Nfd4 O-O 13. Be3 Rae8 14. Nb5
Qd8 15. Bxb6 Qxb6 16. N5d4 Bd7 17. Nxc6 bxc6 18. c4 Re5 19. cxd5 Rfe8 20. Qd2
Rxd5 21. Qc3 Ne4 22. Qe3 Nc5 23. Qc3 Ne4 24. Qe3 Nd2 25. Qc3 Ne4 1/2-1/2

[Event "FIDE Grand Swiss 2019"]
[Site "Douglas"]
[Date "15.10.2019"]
[Round "6.50"]
[White "Nguyen, Ngoc Truong Son"]
[Black "Lu, Shanglei"]
[Result "1/2-1/2"]
[WhiteTitle "GM"]
[BlackTitle "GM"]
[WhiteElo "2638"]
[BlackElo "2602"]
[WhiteFideId "12401110"]
[BlackFideId "8603332"]
[EventDate "2019.10.10"]

1. d4 Nf6 2. c4 e6 3. Nc3 d5 4. Bg5 Nbd7 5. e3 h6 6. Bh4 Be7 7. Nf3 O-O 8. Be2
c5 9. cxd5 Nxd5 10. Bxe7 Nxe7 11. O-O Nc6 12. dxc5 Nxc5 13. Qxd8 Rxd8 14. Rfd1
Bd7 15. Rac1 Rac8 16. Nb5 Ne4 17. Bd3 Nb4 18. Bxe4 Rxc1 19. Rxc1 Bxb5 20. a3 Bc6
21. Bxc6 Nxc6 22. Kf1 Kf8 23. Ke2 Ke7 24. Ne1 Kd6 25. Nd3 Rc8 26. Rd1 Ke7 27.
Rc1 Kd6 28. Rd1 Ke7 29. Rc1 Kd6 1/2-1/2

[Event "FIDE Grand Swiss 2019"]
[Site "Douglas"]
[Date "15.10.2019"]
[Round "6.51"]
[White "Mareco, Sandro"]
[Black "Safarli, Eltaj"]
[Result "1/2-1/2"]
[WhiteTitle "GM"]
[BlackTitle "GM"]
[WhiteElo "2634"]
[BlackElo "2593"]
[WhiteFideId "112275"]
[BlackFideId "13402129"]
[EventDate "2019.10.10"]

1. d4 Nf6 2. c4 e6 3. Nf3 Bb4+ 4. Nbd2 b6 5. a3 Bxd2+ 6. Qxd2 Bb7 7. e3 O-O 8.
Be2 a5 9. b3 d5 10. O-O Nbd7 11. Bb2 c5 12. Rfd1 Rc8 13. Ne5 Rc7 14. Nxd7 Nxd7
15. dxc5 Nxc5 16. Qd4 Qg5 17. Qe5 Qxe5 18. Bxe5 Rcc8 19. Rab1 dxc4 20. Bxc4 Be4
21. Rbc1 Nd3 22. Bxd3 Rxc1 23. Rxc1 Bxd3 24. Rc3 Ba6 25. h4 Rc8 26. Rxc8+ Bxc8
27. Bc7 a4 28. bxa4 Bd7 29. Bxb6 Bxa4 30. f3 f6 31. Kf2 Kf7 32. g4 Bd1 33. Kg3
e5 34. f4 exf4+ 35. Kxf4 h6 36. h5 1/2-1/2

[Event "FIDE Grand Swiss 2019"]
[Site "Douglas"]
[Date "15.10.2019"]
[Round "6.56"]
[White "Hess, Robert"]
[Black "Piorun, Kacper"]
[Result "1/2-1/2"]
[WhiteTitle "GM"]
[BlackTitle "GM"]
[WhiteElo "2581"]
[BlackElo "2643"]
[WhiteFideId "2022036"]
[BlackFideId "1130420"]
[EventDate "2019.10.10"]

1. c4 Nf6 2. Nc3 e6 3. d4 Bb4 4. Qc2 O-O 5. a3 Bxc3+ 6. Qxc3 d5 7. Bg5 h6 8. Bh4
c5 9. dxc5 d4 10. Qc2 e5 11. e4 a5 12. O-O-O Nc6 13. f4 exf4 14. Nf3 Bg4 15. e5
Bxf3 16. gxf3 Nxe5 17. Qf5 Re8 18. Bxf6 Qxf6 19. Qxf6 gxf6 20. Rxd4 Nxf3 21.
Rxf4 Re1+ 22. Kc2 Ng5 23. Rxf6 Ne4 24. Rg1+ Kf8 25. Rxh6 Ke7 26. Rb6 Nxc5 27.
Rb5 Ne6 28. Rxb7+ Kf6 29. Rd7 Rh8 30. Rd2 Rh4 31. Rf2+ Ke7 32. Kd2 Rb1 33. Kc2
Re1 34. Rg3 f5 35. Kd2 Re5 36. Rh3 Rd4+ 37. Kc3 Rd1 38. Bd3 f4 39. Rh7+ Kd6 40.
Kc2 Rg1 41. b4 axb4 42. axb4 Ra1 43. Kb2 Rd1 44. Bc2 Rd4 45. c5+ Kd5 46. Bb3+
Kc6 47. Ba4+ Kd5 48. Rd7+ Kc4 49. c6 Kxb4 50. Bb3 Rde4 51. Rb7+ Ka5 52. Ka3 Ka6
53. Rd2 Re3 54. Kb4 Rxb3+ 55. Kxb3 Nc5+ 56. Kc4 Nxb7 57. cxb7 Kxb7 58. Kd4 Re6
59. Rf2 Kc6 60. Rxf4 Kd6 61. h4 Ke7 62. Rf5 Rf6 63. Rxf6 Kxf6 1/2-1/2

[Event "FIDE Grand Swiss 2019"]
[Site "Douglas"]
[Date "15.10.2019"]
[Round "6.57"]
[White "Harika, Dronavalli"]
[Black "Adly, Ahmed"]
[Result "1/2-1/2"]
[WhiteTitle "GM"]
[BlackTitle "GM"]
[WhiteElo "2495"]
[BlackElo "2636"]
[WhiteFideId "5015197"]
[BlackFideId "10601619"]
[EventDate "2019.10.10"]

1. Nf3 Nf6 2. c4 c6 3. d4 d5 4. cxd5 cxd5 5. Nc3 Nc6 6. Bf4 Nh5 7. Bd2 g6 8. g3
Bg7 9. Bg2 O-O 10. O-O Bg4 11. h3 Bxf3 12. Bxf3 Nxd4 13. Bxd5 Qb6 14. e3 Nc6 15.
Qb3 Nf6 16. Bg2 Qxb3 17. axb3 Rfd8 18. Rfd1 Nd7 19. Na4 Rac8 20. b4 b6 21. b5
Nce5 22. Bb4 Bf8 23. Nc3 e6 24. Bxf8 Kxf8 25. Rxa7 Nc5 26. Rd4 Nb3 27. Rxd8+
Rxd8 28. Ra8 Rxa8 29. Bxa8 Ke7 30. Na4 Nc4 31. e4 Kd6 32. f4 f6 33. Kf2 Nc5 34.
Nc3 Nd3+ 35. Ke2 Ndxb2 36. Bc6 Na5 37. e5+ fxe5 38. Ne4+ Ke7 39. fxe5 Nbc4 40.
Ng5 Nxe5 41. Nxh7 Naxc6 42. bxc6 Nxc6 43. g4 b5 44. Ng5 b4 45. Ne4 Ne5 46. Ke3
b3 47. Kd2 Nc4+ 48. Kc1 e5 49. h4 Kf7 50. h5 gxh5 51. gxh5 Kg7 52. Nc5 Kh6 53.
Nxb3 Kxh5 54. Kc2 Kg4 55. Kd3 Nd6 56. Ke3 Kf5 57. Nd2 e4 58. Nxe4 Nxe4 1/2-1/2

[Event "FIDE Grand Swiss 2019"]
[Site "Douglas"]
[Date "15.10.2019"]
[Round "6.58"]
[White "Prithu, Gupta"]
[Black "Moiseenko, Alexander"]
[Result "0-1"]
[WhiteTitle "GM"]
[BlackTitle "GM"]
[WhiteElo "2493"]
[BlackElo "2635"]
[WhiteFideId "46618546"]
[BlackFideId "14102560"]
[EventDate "2019.10.10"]

1. c4 e5 2. Nc3 Bb4 3. Nd5 a5 4. a3 Be7 5. Nf3 d6 6. d4 e4 7. Nd2 f5 8. Nb1 Nf6
9. Nxe7 Qxe7 10. Nc3 O-O 11. Bg5 Be6 12. e3 Qf7 13. Rc1 Qg6 14. Bf4 Nh5 15. Nb5
Nxf4 16. exf4 Na6 17. Rc3 Bf7 18. Rg3 Qh6 19. Qd2 c6 20. Nc3 d5 21. cxd5 cxd5
22. Be2 Nc7 23. O-O Rfd8 24. Rh3 Qb6 25. Na4 Qd6 26. Rb3 Ne6 27. g3 Rac8 28.
Rxb7 Qc6 29. Rb5 Qc2 30. Qxc2 Rxc2 31. Bd1 Nxd4 32. Rxa5 Rc1 33. Nc3 h6 34. Rc5
Rb8 35. Nxe4 Rxd1 36. Nf6+ gxf6 37. Rxd1 Ne2+ 38. Kf1 Rxb2 39. Re1 Nd4 40. Re7
Kf8 41. Ra7 Ne6 42. Rc8+ Kg7 43. Re8 Kg6 44. Ree7 Bg8 45. h4 Rb8 46. a4 d4 47.
Red7 h5 48. Kg2 Rb3 49. a5 Ra3 50. a6 d3 51. Kh2 Kh6 52. Ra8 Nc5 53. Rd4 Be6 54.
a7 Kg7 55. Rd6 Ra2 56. Rc6 d2 57. Rd8 Bd7 58. Rd6 Rxa7 59. Rxd2 Bc6 60. Rc8 Bf3
61. Rxc5 Ra1 62. g4 Rh1+ 63. Kg3 hxg4 0-1

[Event "FIDE Grand Swiss 2019"]
[Site "Douglas"]
[Date "15.10.2019"]
[Round "6.59"]
[White "Stefanova, Antoaneta"]
[Black "Bachmann, Axel"]
[Result "1/2-1/2"]
[WhiteTitle "GM"]
[BlackTitle "GM"]
[WhiteElo "2479"]
[BlackElo "2629"]
[WhiteFideId "2902257"]
[BlackFideId "3700488"]
[EventDate "2019.10.10"]

1. d4 Nf6 2. c4 e6 3. Nf3 Bb4+ 4. Nbd2 b6 5. a3 Bxd2+ 6. Qxd2 Bb7 7. e3 O-O 8.
Be2 Ne4 9. Qc2 f5 10. b4 d6 11. Bb2 Nd7 12. Rd1 Qe7 13. O-O c5 14. Ne1 cxd4 15.
exd4 Rac8 16. f3 Nef6 17. Qa4 a6 18. f4 Ne4 19. Nf3 Ndf6 20. Qb3 b5 21. c5 Bd5
22. Qc2 Qb7 23. Bd3 Nh5 24. Bc1 Rf6 25. Be3 Rg6 26. Be2 Nhf6 27. Ra1 Qf7 28. Ng5
Qe8 29. Bf3 Qc6 30. a4 Bc4 31. Rfe1 h6 32. axb5 axb5 33. Nxe4 fxe4 34. Be2 Bd3
35. Qd2 Bxe2 36. Qxe2 Nd5 37. Ra5 Rb8 38. Qd2 Ne7 39. Rea1 Nf5 40. Qf2 Qd5 41.
R5a3 Rf8 42. Rc3 e5 43. dxe5 dxe5 44. Qa2 Qxa2 45. Rxa2 exf4 46. Bxf4 Nd4 47.
Be3 Ra6 48. Rb2 Nc6 49. h3 Rd8 50. Rc1 Ra3 51. Re1 Rdd3 52. Bf4 g5 53. Bc1 Ra1
54. Kf2 Rd4 55. Bd2 Ra8 56. Ke2 Ra3 57. h4 Rdd3 58. Kf2 Ne5 59. Rxe4 Nc4 60.
Rxc4 bxc4 61. Rc2 Rab3 62. Be1 Rd4 63. hxg5 Rf4+ 64. Ke2 Re4+ 65. Kf2 hxg5 66.
c6 g4 67. c7 g3+ 68. Kf1 Re8 69. Rxc4 Rb1 70. Re4 Rc8 71. Rg4+ Kf7 72. Rxg3 Rxc7
73. Re3 Rc4 74. Kf2 Rc2+ 75. Kf3 Kg6 76. g4 Rc6 77. Kg3 Rf6 78. Bc3 Rg1+ 79. Kh2
Rff1 80. Re6+ Kh7 81. Re7+ Kg8 82. Re4 Rc1 83. Bf6 Kf7 84. Bd4 Rgd1 85. Bc5 Rc3
86. Kg2 Kg6 87. Be3 Rc2+ 88. Kg3 Rb2 89. Bc5 Rd3+ 90. Kf4 Rd5 91. Re6+ Kf7 92.
Re7+ Kg6 93. Re6+ Kf7 94. Re7+ Kg6 1/2-1/2

[Event "FIDE Grand Swiss 2019"]
[Site "Douglas"]
[Date "15.10.2019"]
[Round "6.60"]
[White "Lei, Tingjie"]
[Black "Parligras, Mircea-Emilian"]
[Result "1/2-1/2"]
[WhiteTitle "GM"]
[BlackTitle "GM"]
[WhiteElo "2469"]
[BlackElo "2629"]
[WhiteFideId "8605114"]
[BlackFideId "1204297"]
[EventDate "2019.10.10"]

1. e4 c5 2. Nf3 d6 3. d4 cxd4 4. Nxd4 Nf6 5. Nc3 a6 6. Be3 e5 7. Nb3 Be6 8. f3
Nbd7 9. Qd2 h5 10. Nd5 Bxd5 11. exd5 g6 12. O-O-O Bg7 13. Kb1 b5 14. Qa5 Qxa5
15. Nxa5 Bh6 16. Bf2 O-O 17. c4 Rfb8 18. Nc6 Rb7 19. Na5 Rc7 20. Nc6 Rb7 21. Na5
Rc7 22. Nc6 Rb7 23. Na5 1/2-1/2

[Event "FIDE Grand Swiss 2019"]
[Site "Douglas"]
[Date "15.10.2019"]
[Round "6.61"]
[White "L'Ami, Erwin"]
[Black "Boruchovsky, Avital"]
[Result "1-0"]
[WhiteTitle "GM"]
[BlackTitle "GM"]
[WhiteElo "2619"]
[BlackElo "2533"]
[WhiteFideId "1007998"]
[BlackFideId "2800055"]
[EventDate "2019.10.10"]

1. c4 e6 2. Nc3 d5 3. d4 Nf6 4. cxd5 exd5 5. Bg5 c6 6. e3 Be7 7. Qc2 Nbd7 8. Bd3
O-O 9. Nf3 Re8 10. O-O Nf8 11. h3 g6 12. Ne5 N6d7 13. Bh6 Nxe5 14. dxe5 Ne6 15.
f4 Nc5 16. Rad1 Qb6 17. f5 Nxd3 18. Qxd3 Bxf5 19. Rxf5 gxf5 20. Qxf5 c5 21. Qf4
Qg6 22. Nxd5 Bd8 23. h4 Kh8 24. Rf1 Re6 25. Bg5 Bxg5 26. hxg5 Rg8 27. Nf6 Qxg5
28. Nxg8 Qxf4 29. exf4 Kxg8 30. Rd1 Rb6 31. f5 Kf8 32. b3 Ke7 33. Kf2 c4 34.
bxc4 Rb2+ 35. Kf3 Rxa2 36. Rh1 Kf8 37. Rxh7 Kg8 38. Rh1 Rc2 39. Rd1 Rc3+ 40. Kf4
f6 41. exf6 a5 42. g4 Rxc4+ 43. Kg5 Rb4 44. Rd8+ Kf7 45. Rd7+ Kf8 46. f7 Kg7 47.
f6+ Kf8 48. Kf5 1-0

[Event "FIDE Grand Swiss 2019"]
[Site "Douglas"]
[Date "15.10.2019"]
[Round "6.62"]
[White "Durarbayli, Vasif"]
[Black "Erenberg, Ariel"]
[Result "0-1"]
[WhiteTitle "GM"]
[BlackTitle "IM"]
[WhiteElo "2617"]
[BlackElo "2463"]
[WhiteFideId "13402935"]
[BlackFideId "2811634"]
[EventDate "2019.10.10"]

1. e4 e5 2. Nf3 Nc6 3. Bb5 a6 4. Ba4 Nf6 5. O-O Be7 6. Re1 b5 7. Bb3 d6 8. c3
O-O 9. d4 Bg4 10. Be3 exd4 11. cxd4 d5 12. e5 Ne4 13. h3 Bh5 14. Nbd2 Qd7 15.
Qb1 Nxd2 16. Nxd2 Nb4 17. f4 Bg6 18. Qd1 c5 19. dxc5 Nd3 20. Qf3 Nxe1 21. Rxe1
Rac8 22. g4 Bd3 23. Bf2 Bc4 24. Bc2 d4 25. b3 d3 26. Bb1 Bxc5 27. bxc4 Bxf2+ 28.
Kxf2 bxc4 29. Qe4 Qb5 30. Kg3 Rfd8 31. a4 Qc6 32. e6 fxe6 33. Ba2 Qxe4 34. Nxe4
d2 35. Rd1 c3 36. Bxe6+ Kf8 37. Nxd2 Rxd2 38. Rc1 Rc6 39. Bf5 c2 40. g5 Rc3+ 0-1

[Event "FIDE Grand Swiss 2019"]
[Site "Douglas"]
[Date "17.10.2019"]
[Round "7.10"]
[White "Jumabayev, Rinat"]
[Black "Gelfand, Boris"]
[Result "1/2-1/2"]
[WhiteTitle "GM"]
[BlackTitle "GM"]
[WhiteElo "2630"]
[BlackElo "2686"]
[WhiteFideId "13702661"]
[BlackFideId "2805677"]
[EventDate "2019.10.10"]

1. d4 Nf6 2. c4 e6 3. g3 d5 4. Nf3 dxc4 5. Bg2 a6 6. O-O Nc6 7. e3 Rb8 8. Nfd2
e5 9. Bxc6+ bxc6 10. dxe5 Ng4 11. Nxc4 Be6 12. Nbd2 Bb4 13. Qc2 h5 14. b3 h4 15.
Nf3 f5 16. e4 hxg3 17. hxg3 fxe4 18. Qxe4 Qd7 19. Qg6+ Kf8 20. Nh4 Kg8 21. Be3
Rb5 22. Bf4 Be7 23. Bg5 Bf7 24. e6 Bxg6 25. exd7 Rxg5 26. Rae1 Bf6 27. Re8+ Kh7
28. Nxg6 Rxg6 29. Rd1 Rg5 30. Rxh8+ Kxh8 31. d8=Q+ Bxd8 32. Rxd8+ Kh7 33. Ra8
Rf5 34. Rxa6 Nxf2 35. Rxc6 Ne4 36. g4 Rf4 37. Ne3 Rf3 38. Nf5 Rf4 39. Ne3 Rf3
40. Nf5 Rf4 41. Rxc7 Rxg4+ 42. Kh2 Rf4 43. Ng3 Nf6 44. Ra7 Rf2+ 45. Kg1 Rb2 46.
Nf5 Kg6 47. Nd4 Kg5 48. a4 Kf4 49. Rxg7 Ke4 50. Ne6 Ke5 51. Nc5 Kd4 52. Rg5 Nd5
53. Ne6+ Ke4 54. Nc5+ Kd4 55. Ne6+ Ke4 56. a5 Rb1+ 57. Kf2 Rb2+ 58. Kg1 Rb1+ 59.
Kf2 Rb2+ 60. Ke1 Ne3 61. a6 Kf3 62. Nd4+ Ke4 63. Rg8 Ra2 64. Ne6 Kd5 65. Rg6
Nc2+ 66. Kd1 Nb4 67. Nc7+ Kc5 68. Rh6 Nd3 69. Rf6 Nb4 70. Rg6 Nd3 71. Rh6 Nf2+
72. Ke1 Nd3+ 73. Kf1 Nb4 74. Kg1 Ra3 75. Kf2 Nc6 76. Ne6+ Kb5 77. Nc7+ Kc5 78.
Ne6+ Kb5 79. Ke2 Rxb3 80. a7 Rb2+ 81. Kd3 Nxa7 1/2-1/2